000 00465nam a2200181Ia 4500
008 230711s9999||||xx |||||||||||||| ||und||
020 _a81-239-09926
041 _aENG
082 _a620.11
_bGU-M
100 _aGupta,Aparna
245 0 _aMaterial Science for Engineers
250 _a1st Ed.
260 _c2014
_aNew Delhi
_bCBS Publishers & Distributors Pvt.Ltd
300 _a534p.
650 _aMechanical Engineering
700 _aKumar,Santosh
942 _cBK
999 _c6700
_d6700